00936 2200301 4500001002100000005001500021035002000036007000300056008004100059020002200100040002200122082001400144084001600158090002200174100003000196245013200226250003100358300002900389650001200418850001200430504003300442264004100475336002100516337003000537338002300567999002200590990002200612INLIS00000000088219720230927014949 a0010-0923000789ta230927s2023 yoi f ind d a978-623-473-206-1 aYOPDYOGbinderda04223a297.4 a297.4 MUS t aCB-D.11 2023-21450 aMushofad1983-epengarang10aTafsir quotes sufistik :buraian kalam hikmah yang menyejukkan jiwa, mengenalkan ajaran tasawuf dengan gaya milenial /cMushofa aCetakan pertama, Juli 2023 aix, 231 halaman ;c21 cm 4aTasawuf aYOPDYOG aBibliografi: halaman 222-22731aSleman :bMadani Berkah Abadi,c2023 2rdacontentateks 2rdamediaatanpa perantara 2rdacarrieravolume aCB-D.11/2023-2145 aCB-D.11/2023-2145